Forest economic botany / (Record no. 39088)

MARC details
000 -LEADER
fixed length control field 00723nam a22002057a 4500
005 - DATE AND TIME OF LATEST TRANSACTION
control field 20100804102559.0
010 ## - LCCN (DPL NO)
LC control number ENG-97975
020 ## - INTERNATIONAL STANDARD BOOK NUMBER
International Standard Book Number 9788190792325
Terms of availability 100.00
035 ## - SYSTEM CONTROL NUMBER
System control number EN-81508
037 ## - SOURCE OF ACQUISITION
Source of stock number/acquisition DBAD/PUB
082 ## - DEWEY DECIMAL CLASSIFICATION NUMBER
Classification number 581.6105
100 ## - MAIN ENTRY--PERSONAL NAME
Personal name Baskaran, A.
245 ## - TITLE STATEMENT
Title Forest economic botany /
Statement of responsibility, etc by A. Baskaran
260 ## - PUBLICATION, DISTRIBUTION, ETC. (IMPRINT)
Place of publication, distribution, etc Pudukkottai
Name of publisher, distributor, etc Meerra Pathippagam
Date of publication, distribution, etc 2009
270 ## - ADDRESS
Address 2470, South Main Street
City Pudukkottai
Postal code 622001
300 ## - PHYSICAL DESCRIPTION
Extent 150p.
Dimensions 20cm (pbk)
500 ## - GENERAL NOTE
General note Includes bibliographical references
942 ## - ADDED ENTRY ELEMENTS (KOHA)
Source of classification or shelving scheme Dewey Decimal Classification
Item type English Books
Classification part 581.6105
Call number suffix BAS
Holdings
Withdrawn status Lost status Not for loan Collection code Home library Current library Date acquired Source of acquisition Cost, normal purchase price Full call number Barcode Copy number Cost, replacement price Koha item type
    Not For Loan Non-fiction D.B.Act.Division D.B.Act.Division 04/08/2010 DBAD/PUB 100.00 581.6105 BAS EN-81508 1 100.00 English Books

© Delhi Public Library
Hit Counter
free hit counter